| 000 | 00897namaa2200313 a 4500 | ||
|---|---|---|---|
| 001 | vtls000932106 | ||
| 003 | NLI | ||
| 005 | 20210627084421.0 | ||
| 008 | 110929s1933 enk h 000 0 eng | ||
| 039 | 9 |
_y201109292020 _zEntertech_02 |
|
| 040 |
_aNLI _beng _cEntertech-2011 _eAACR2 |
||
| 041 | 0 | _aeng | |
| 044 | _aenk | ||
| 082 | 0 | 4 | _a901 |
| 245 | 0 | 0 |
_aSome makers of the modern spirit : _ba symposium / _cedited by John Macmurray |
| 260 |
_aLondon : _bMethuen, _c1933 |
||
| 300 |
_a188 p. ; _c20 cm. |
||
| 650 | 0 | _aBiography | |
| 650 | 0 |
_aCivilization _9677877 |
|
| 650 | 0 |
_aProgress _9684917 |
|
| 650 | 0 |
_aReligion and science _9698396 |
|
| 650 | 0 |
_aScience _xPhilosophy _9689453 |
|
| 700 | 1 |
_aMacmurray, John, _d1891-1976 _4edt _9794285 |
|
| 887 | _a | ||
| 901 |
_aB.C.1467: _b17.1.1958 |
||
| 902 | _aB.C. 901 M 229 | ||
| 990 | _eM.Som | ||
| 942 |
_2ddc _cBKS |
||
| 999 |
_aVIRTUA _c742016 _d742016 |
||